| 000 | 00000nam##2200000za#4500 |
| 001 | 9.675599 |
| 003 | CaOODSP |
| 005 | 20210624225336 |
| 007 | cr ||||||||||| |
| 008 | 150407|2006||||xxc|||||o f|0| 0 eng|d |
| 020 | |a978-1-100-54034-4 |
| 040 | |aCaOODSP|beng |
| 041 | |aeng |
| 041 | |afre |
| 043 | |an-cn--- |
| 086 | 1 |aSO2-11/13-2006-PDF |
| 110 | 1 |aCanada. |bGovernor General. |bOffice of the Secretary. |
| 245 | 10|aRegulations governing the award of the Emergency Medical Services Exemplary Service Medal |h[electronic resource] |
| 246 | 1 |iShort title : |aEmergency Medical Services Exemplary Service Medal Regulations |
| 260 | |aOttawa - Ontario : |bGovernor General of Canada. Office of the Secretary |c2006. |
| 300 | |a11p. |
| 590 | |a12-31-Supp|b2012-07-06 |
| 690 | 07|aDecorations|2gcpds |
| 776 | 0#|tRèglement concernant l'attribution de la Médaille pour services distingués des Services d'urgence médicale / |w(CaOODSP)9.667540 |
| 792 | |tRèglement concernant l'attribution de la Médaille pour services distingués des services d'urgence médicale |efre|w(CaOODSP)9.675600 |
| 856 | 40|ahttp://publications.gc.ca|qPDF|s104 KB|uhttps://publications.gc.ca/collections/collection_2012/bsgg-osgg/SO2-11-13-2006.pdf |